Normal view
MARC view
Entry Personal Name
001 - CONTROL NUMBER
- control field: 635085
003 - CONTROL NUMBER IDENTIFIER
- control field: OSt
005 - DATE AND TIME OF LATEST TRANSACTION
- control field: 20221005124341.0
008 - FIXED-LENGTH DATA ELEMENTS
- fixed length control field: 221005|| aca||aabn | a|a d
040 ## - CATALOGING SOURCE
- Original cataloging agency: OSt
- Transcribing agency: OSt
100 ## - HEADING--PERSONAL NAME
- Personal name: Hagen Toni ...et al
670 ## - SOURCE DATA FOUND
- Source citation: Work cat.: (OSt)1050208: Hagen Toni ...et al, Mount Everest ; Formation, population and exploration of the Everest region tr by E Noel Bowman., 1963
